Science Quiz

Random Science or Numbers Quiz

Scientist by Picture Quiz Stats

 Plays Quiz Updated May 30, 2015

Challenge
Share
Tweet
Score 0/16 Timer 04:00
11 Plays Today
Number Scientist % Correct
Albert Einstein
98.6%
Stephen Hawking
90%
Marie Curie
87.5%
Sir Isaac Newton
82%
Charles Darwin
75.9%
Galileo Galilei
62.5%
Nikola Tesla
61.2%
Thomas Edison
55.8%
Number Scientist % Correct
Jane Goodall
54.4%
Neil deGrasse Tyson
53.7%
Aristotle
50.5%
Carl Sagan
37.6%
Niels Bohr
28.2%
Alexander Graham Bell
23.6%
Dmitri Mendeleev
19.1%
Johannes Kepler
14.9%

You're not logged in!

Compare scores with friends on all Sporcle quizzes.
Join for Free
OR
Log In

You Might Also Like...

Show Comments

Extras

Top Quizzes Today


Score Distribution

Your Account Isn't Verified!

In order to create a playlist on Sporcle, you need to verify the email address you used during registration. Go to your Sporcle Settings to finish the process.

Report this User

Report this user for behavior that violates our Community Guidelines.

Details: